Tunelovanie sme nezastavili, len obmedzili Prezident VSŽ Gabriel Eichler:

Bibliographic Details
Main Author: Eichler, Gabriel, 1950- (Author)
Corporate Author: Východoslovenské železiarne (Košice, Slovensko) (Author)
Format: Article
Language:Slovak
Subjects:

MARC

LEADER 00000nab a2200000 a 4500
001 vtls000925396
003 SK-MaSNL
005 20260303033635.0
008 040720e19990330xo 0 slo
035 |a KE34273 
040 |a KEVKJB  |b slo  |c KEVKJB  |e AACR2 
041 0 |a slo 
044 |a xo  |c SK 
080 |a 669.1  |2 1981 
100 1 |a Eichler, Gabriel,  |d 1950-  |4 aut  |9 877474 
245 1 0 |a Tunelovanie sme nezastavili, len obmedzili  |b Prezident VSŽ Gabriel Eichler: 
610 2 7 |a Východoslovenské železiarne (Košice, Slovensko)  |2 KEVKJB 
610 2 7 |a Východoslovenské železiarne Holding (Košice, Slovensko)  |2 snkbucl  |9 29927 
650 0 7 |a problémy ekonomické  |2 KEVKJB  |9 880421 
650 0 7 |a rozhovory  |2 KEVKJB  |9 453585 
651 7 |a Košice (Slovensko)  |2 KEVKJB  |9 18694 
651 7 |a KE,  |2 KEVKJB  |9 877256 
651 7 |a KE,  |2 KEVKJB  |9 877256 
655 7 |a periodikum  |2 snkbucl  |9 29553 
710 2 |a Východoslovenské železiarne (Košice, Slovensko)  |4 aut 
773 0 8 |t Roľnícke noviny, č.61, 30.3.1999, s. 3 
852 |a ZVYKNI  |b KIS3GCP 
999 |c 1670915  |d 1672845